000 02037cam a22003135a 4500
001 17671926
005 20160203133604.0
006 m||||f ||z 00| 0
008 130325t2013 nyua frb 001 0 eng d
020 _a9780071802802 (paperback)
020 _a0071802800 (paperback)
040 _aUKMGB
_beng
_cUKMGB
_dOCLCO
_dBTCTA
_dYDXCP
_dZ27
_dCDX
_dFDA
_dOCLCQ
_dOCLCO
_dDLC
_dEG-ScBUE
082 0 4 _a610.69076
_222
_bMCC
100 1 _aMcCormick, Kathleen Ann.
_927244
245 1 0 _aHealthcare information technology exam guide for CompTIA healthcare IT technician and HIT Pro certifications /
_cKathleen Ann Mccormick, Brian Gugerty.
260 _aNew York :
_bMcgraw-Hill Companies,
_cc.2013.
300 _aliv, 969 p. :
_bill. ;
_c23 cm. +
_e1 CD-ROM (color ; 4 3/4 in.)
500 _aIndex : p. 939-969.
504 _aIncludes bibliographical references.
520 _aThe Healthcare Information Technology Reference and Exam Guide for CompTIA healthcare IT technician and HIT Pro certifications, will help readers gain the skills and knowledge required to implement and support healthcare IT (HIT) systems in various clinical and healthcare business settings. This work prepares IT professionals to transition into HIT with coverage of topics ranging from health data standards to project management. This resource also serves as a study tool for the CompTIA Healthcare IT Technician exam (Exam HIT-001) and for any of the six Healthcare Information Technology Professional (HIT Pro) exams offered by the Office of the National Coordinator for Health Information Technology.--
650 0 _aHealth services administration
_xInformation technology
_xExaminations
_vStudy guides.
_2BUEsh
650 0 _aMedical informatics
_xExaminations
_vStudy guides.
_2BUEsh
650 0 _aElectronic data processing personnel
_xCertification
_vStudy guides.
_2BUEsh
650 0 _aComputer technicians
_xCertification
_vStudy guides.
_2BUEsh
651 _2BUEsh
653 _bCOMSCI
_cAugust2015
_cJanuary2016
700 1 _aGugerty, Brian
942 _2ddc
999 _c20392
_d20364